000 00563nam a2200229Ia 4500
003 OSt
005 20220924153806.0
006 a|||||r|||| 00| 0
007 ta
008 220923b |||||||| |||| 00| 0 kan d
024 _a351641
037 _cTextual
040 _aARTS
_cARTS
_bkan
041 _2kan
_akan
082 _aP35, M8
100 _aSarda Au.
_9229776
245 0 _aTelugu paripalane paribhasha
260 _c1988
650 _aTELUGU LANGUAGE
_9155493
942 _hP35, M8
_cTEXL
_2CC
999 _c474799
_d474799